000 00530nam a22001937a 4500
003 KOHA_MİRAKIL
005 20250417131927.0
008 250417b tu ||||| |||| 00| 0 tur d
020 _a9789759963255
040 _aTR-AnABB
_btur
_cTR-AnABB
041 _atur
082 _a894.5113
_bEST 2011
100 1 _aEsterhazy, Peter,
245 1 0 _aSanat yok /
_cPeter Esterhazy
260 _aİstanbul :
_bProfil Yayıncılık,
_c2011
300 _a166 sayfa ;
_c21 cm
650 0 4 _aAlman edebiyatı, roman
942 _2ddc
_cBK
999 _c8740
_d8740
900 _bGizem YORULMAZ